World Seniors Darts Championship 2023 - Statistiken

Allgemein
  • Dieses Quiz wurde 67 mal gespielt
  • Das Durchschnittsergebnis liegt bei 14 aus 32
Antwortstatistiken
Nationalität Spieler % Korrekt
England Phil Taylor
98%
Kanada John Part
86%
Schottland Robert Thornton
82%
Niederlande Roland Scholten
64%
England Bob Anderson
58%
England Lisa Ashton
58%
England Richie Howson
58%
England Peter Manley
56%
Niederlande Co Stompé
54%
USA Larry Butler
54%
England Trina Gulliver
54%
England Leonard Gates
52%
Kanada David Cameron
50%
England Martin Adams
50%
England Kevin Painter
48%
England Andy Jenkins
44%
England Terry Jenkins
44%
England Glen Durrant
42%
England Keith Deller
40%
Schottland Les Wallace
38%
England Dave Prins
36%
England Tony O’Shea
34%
England Mark Dudbridge
32%
England Scott Mitchell
32%
England Darryl Fitton
30%
Nordirland Neil Duff
30%
England Ronnie Baxter
26%
England Chris Mason
24%
England Darren Johnson
22%
Nordirland Colin McGarry
16%
England Dennis Harbour
10%
Wales Mike Huntley
10%
Keine übereinstimmenden Quizze gefunden
Verteilung der Resultate
Anzahl Personen mit jedem Resultat
Perzentil nach korrekt beantworteten Fragen
Ihre Resultats-Entwicklung
Sie haben dieses Quiz noch nicht gespielt